| 000 | 00464nam a2200181Ia 4500 | ||
|---|---|---|---|
| 005 | 20250317010029.0 | ||
| 008 | 240331s9999 xx 000 0 und d | ||
| 082 |
_bALE _26373 _a301 |
||
| 100 | _aAlex, G. K | ||
| 100 | _aJohn, E | ||
| 245 | 0 |
_aReinventing Identity: _bAn Anthology of Dalit Writers, Kerala |
|
| 260 |
_aMumbai, _bVikas Adhyayan Kendra _c2008 |
||
| 300 | _a131 p., | ||
| 650 | _aCaste | ||
| 650 | _aLiterature | ||
| 650 | _aHegemony | ||
| 942 | _cL | ||
| 999 |
_c4510 _d4510 |
||